[Event "FTX Crypto Cup Prelims 2021"]
[Site "Chess24"]
[Date "2021.05.18"]
[Round "6.8"]
[White "Radjabov, Teimour"]
[Black "Mamedyarov, Shakhriyar"]
[Result "1/2-1/2"]
[WhiteElo "2758"]
[BlackElo "2761"]
[Annotator "TA"]
[PlyCount "49"]
[EventDate "2021.05.23"]
[EventType "tourn"]
[EventCountry "NET"]
[Tiebreak "Koya+Number of black wins+Number of wins"]
[SourceTitle "playchess.com"]
[Source "ChessBase"]
[SourceQuality "1"]

{[%evp 26,27,0,0]} 1. e4 {Fernandez,D} e5 2. Nf3 Nc6 3. Bc4 Bc5 4. c3 Nf6 5. d4
exd4 6. cxd4 Bb4+ 7. Bd2 Bxd2+ 8. Nbxd2 d5 9. exd5 Nxd5 10. Qb3 Na5 11. Qa4+
Nc6 12. Qb3 Na5 13. Qa4+ Nc6 14. Qb3 {[#]} {Predecessor:} Nce7 $146 {C54:
Giuoco Piano: 4 c3 Nf6, main lines with 5 d4 and 5 d3.} 15. O-O O-O 16. Rfe1 c6
17. Ne4 Nb6 18. Bd3 Ned5 19. Nc5 Nf6 20. Rac1 Rb8 21. Qa3 a6 22. Qb3 Qc7 23.
Ne4 Nfd5 24. Nc3 Qd6 25. Be4 {1/2-1/2 (36) Jones,G (2640)-Karjakin,S (2753)
Wijk aan Zee 2018 CBM 183 [Fernandez,D]} 1/2-1/2

[Event "FTX Crypto Cup Prelims 2021"]
[Site "Chess24"]
[Date "2021.05.18"]
[Round "7.1"]
[White "Mamedyarov, Shakhriyar"]
[Black "Aronian, Levon"]
[Result "1-0"]
[WhiteElo "2761"]
[BlackElo "2778"]
[Annotator "TA"]
[PlyCount "131"]
[EventDate "2021.05.23"]
[EventType "tourn"]
[EventCountry "NET"]
[Tiebreak "Koya+Number of black wins+Number of wins"]
[SourceTitle "playchess.com"]
[Source "ChessBase"]
[SourceQuality "1"]

{[%evp 26,131,10,7,12,14,16,18,14,7,39,33,31,49,52,52,60,52,75,34,37,58,42,52,
63,0,0,0,0,0,0,0,0,0,0,0,5,-20,0,0,0,0,0,0,0,0,0,-10,-12,-15,0,0,0,0,0,0,15,0,
18,18,18,18,18,18,24,20,20,20,20,20,20,20,20,20,20,22,292,285,556,146,565,15,
534,517,1777,1098,1498,1029,5159,5159,5159,5123,5089,1240,29979,29980,29982,
29983,29983,29984,29984,29985,29986,29987,29987,29988,29988,29989]} 1. d4 Nf6
2. c4 e6 3. Nc3 Bb4 4. Qc2 c5 5. dxc5 O-O 6. Nf3 Na6 {[%cal Bb8a6,Ba6c5,Bc5e4]
[%mdl 32]} 7. g3 Nxc5 8. Bg2 Nce4 9. O-O Nxc3 10. bxc3 Be7 11. e4 d6 12. e5
dxe5 13. Nxe5 Qc7 14. Qe2 Bd6 {The old main line. E39: Nimzo-Indian: Classical:
4...c5 5 dxc5 0-0.} 15. Bf4 Ne8 16. c5 Qxc5 {The position is equal.} 17. c4 {
[%cal Bc3c4,Bc4c5,Bc5c6][%mdl 32]} Bxe5 (17... Qc7 {seems wilder.} 18. Rab1 f6
19. Nd3 Rb8 20. Rfc1 b6) 18. Qxe5 Qxe5 19. Bxe5 f6 20. Bf4 {[%mdl 1024] White
has compensation.} e5 21. Be3 {[#]} Be6 $146 ({Predecessor:} 21... Nc7 22. Rab1
a5 23. f4 exf4 24. Bxf4 Ne6 25. Bd6 Re8 26. Bd5 a4 27. Rfe1 Kf7 {1-0 (42)
Holroyd,K (2397)-Dorer,M (2401) ICCF email 2013}) 22. c5 Rf7 23. Rfb1 Rb8 24.
a4 f5 25. Rb4 (25. c6 $14 b6 26. Rb5) 25... Nf6 $11 26. c6 b6 27. Rb5 e4 28.
Rd1 Rc8 29. Rd6 Re7 {Threatening ...Ne8.} 30. Bg5 Kf7 31. Bf1 Ne8 (31... h6 {
is interesting.} 32. Bxf6 gxf6 33. Rb4 Rec7 34. Bb5 Ra8) 32. Bxe7 Kxe7 33. Rd1
Rxc6 34. Rbb1 Nd6 35. Rdc1 Bd7 36. Rxc6 Bxc6 {[%mdl 4096] Endgame KRB-KBN} 37.
Ra1 Nb7 38. Bb5 Bd5 39. Rc1 {And now Rc7+ would win.} Nc5 40. a5 g5 41. Kf1 f4
42. Bc4 Ke6 43. axb6 axb6 44. Ke2 h6 45. Bxd5+ Kxd5 {KR-KN} 46. Rb1 {With the
idea gxf4.} Kc6 47. gxf4 gxf4 48. Rg1 b5 49. Rg6+ Kd5 $1 50. Rxh6 {Threatens
to win with Rb6.} Ne6 $2 {[%mdl 8192] Black is now going downhill.} (50... b4
$11) 51. h4 $1 $18 b4 $2 (51... Ke5 52. Rh5+ Kf6) 52. Rh8 $2 (52. h5 $1 $18 {
and the rest is easy. aiming for Rh7.} b3 53. Rh8) 52... b3 $2 {[%mdl 8192] [#]
} (52... Ke5 $16 {is more resistant.} 53. Kd1 e3) 53. Rb8 $2 (53. h5 $1 $18 {
[%cal Rh5h6] Strongly threatening h6.} Ng5 54. Rg8) 53... Nd4+ $2 {[%mdl 8192]
[#]} (53... Kc4 $1 $11 {and Black has nothing to worry.}) 54. Kd1 $1 e3 (54...
Kc4 $142 55. h5 f3) 55. fxe3 fxe3 56. h5 Kc4 57. h6 Kd3 58. Kc1 (58. h7 {
gets mated.} e2+ 59. Ke1 Nc2+ 60. Kf2 e1=Q+ 61. Kf3 Qe4+ 62. Kg3 Qe5+ 63. Kh4
Qxb8 64. Kh5 b2 65. Kh6 b1=Q 66. h8=Q Qxh8+ 67. Kg5 Qe5+ 68. Kh6 Qh1+ 69. Kg6
Qhh5#) 58... e2 59. Re8 Nf5 60. h7 {White mates.} Ne3 61. Rd8+ Kc4 62. Kd2 {
[%mdl 64] Double Attack} b2 63. Rb8 Nc2 64. Kxe2 Nb4 {[#]} 65. Rxb4+ $1 {
[%mdl 576] Promotion} Kxb4 66. h8=Q {Weighted Error Value: White=0.38/Black=0.
62} 1-0

[Event "FTX Crypto Cup Prelims 2021"]
[Site "Chess24"]
[Date "2021.05.18"]
[Round "7.2"]
[White "Nepomniachtchi, Ian"]
[Black "Radjabov, Teimour"]
[Result "0-1"]
[WhiteElo "2778"]
[BlackElo "2758"]
[Annotator "TA"]
[PlyCount "66"]
[EventDate "2021.05.23"]
[EventType "tourn"]
[EventCountry "NET"]
[Tiebreak "Koya+Number of black wins+Number of wins"]
[SourceTitle "playchess.com"]
[Source "ChessBase"]
[SourceQuality "1"]

{[%evp 9,66,3,17,1,3,-52,-8,-16,-10,-8,-27,-9,-18,-46,-59,-47,-50,-48,-54,-56,
-41,-58,-45,-71,-31,-74,-77,-68,-35,-22,-25,-51,-76,-65,-21,-37,-40,-87,-60,
-166,-150,-156,-156,-247,-241,-243,-224,-377,-199,-419,-407,-578,-361,-349,
-360,-357,-362,-408,-403]} 1. d4 Nf6 2. Nc3 d5 3. Bf4 c6 4. e3 Bf5 5. Bd3 Bxd3
6. Qxd3 {D00: 1 d4 d5: Unusual lines.} Nbd7 7. O-O-O (7. e4 $11) 7... e6 8. e4
{The position is equal.} dxe4 9. Nxe4 {[#]} Nxe4 $146 ({Predecessor:} 9... Qa5
10. Kb1 Nxe4 11. Qxe4 Qd5 12. Qxd5 cxd5 13. Nf3 Be7 14. Ne5 Nb6 15. Rhe1 O-O {
0-1 (33) Chan,K (2303)-Frolyanov,D (2542) Chess.com INT 2021}) 10. Qxe4 Nf6 11.
Qe2 Qd5 12. Kb1 Qxg2 13. Nf3 Qg4 14. Be3 Qh5 15. Rhg1 h6 16. Bf4 O-O-O 17. Rd3
Nd5 18. Be5 Qf5 19. Rb3 Rg8 20. a3 g5 21. Ka2 Bd6 22. c4 Nf4 23. Qe3 Kb8 24. d5
(24. Nh4 $15 Qh7 25. Ng2 Nxg2 26. Rxg2) 24... exd5 $19 ({But not} 24... cxd5 $2
{[#]} 25. Nd4 $1 $18) 25. Nd4 Qd7 26. Rc1 (26. Bxd6+ $17 Qxd6 27. c5) 26...
Bxe5 27. Qxe5+ Ka8 {Strongly threatening ...Rge8.} 28. Qe1 (28. c5 {keeps
fighting.}) 28... Ne6 (28... c5 $142 29. Nf3 g4) 29. Nf3 (29. Nxe6 fxe6 30. Rh3
) 29... Nc5 30. Ne5 (30. Re3 $142 dxc4 31. Ne5) 30... Nxb3 31. Nxd7 Nxc1+ 32.
Qxc1 {[#] And now Nf6 would win.} Rxd7 33. cxd5 cxd5 {Weighted Error Value:
White=0.42/Black=0.22} 0-1

[Event "FTX Crypto Cup Prelims 2021"]
[Site "Chess24"]
[Date "2021.05.18"]
[Round "7.4"]
[White "Vachier-Lagrave, Maxime"]
[Black "Svidler, Peter"]
[Result "1/2-1/2"]
[WhiteElo "2860"]
[BlackElo "2742"]
[Annotator "TA"]
[PlyCount "81"]
[EventDate "2021.05.23"]
[EventType "tourn"]
[EventCountry "NET"]
[Tiebreak "Koya+Number of black wins+Number of wins"]
[SourceTitle "playchess.com"]
[Source "ChessBase"]
[SourceQuality "1"]

{[%evp 10,81,14,11,24,25,23,18,17,17,21,14,17,18,18,17,26,0,0,0,5,6,6,6,6,6,15,
8,17,10,25,28,33,34,24,26,42,10,15,17,33,35,34,31,35,42,34,40,33,34,59,31,72,8,
12,-5,-6,-4,0,0,0,0,0,0,0,0,0,0,0,0,0,0,0,0]} 1. e4 c6 2. Nf3 d5 3. Nc3 Bg4 4.
h3 Bxf3 5. Qxf3 e6 6. Be2 Bc5 {B11: Caro-Kann: Two Knights Variation.} 7. O-O
Ne7 8. Na4 Bd6 9. d4 dxe4 10. Qxe4 Nd7 11. Rd1 Nf6 12. Qf3 {[#]} Qa5 $146 ({
Predecessor:} 12... Nf5 13. Nc5 Qe7 14. Ne4 Nxe4 15. Qxe4 Bc7 16. a4 Rd8 17. g3
h5 18. Bf4 Bxf4 19. Qxf4 {0-1 (76) Nandhidhaa,P (2312)-Girya,O (2477) Caleta
2020}) 13. b3 e5 14. dxe5 Bxe5 15. Rb1 O-O 16. Bd2 Qc7 17. Nb2 Ng6 {[#] White
must now prevent ...Nh4.} 18. g3 Rad8 19. Nc4 Bd4 20. c3 Bc5 21. b4 Be7 22. h4
h5 23. Be3 b5 24. Na5 Ne5 25. Qg2 Rxd1+ 26. Rxd1 c5 27. Qb7 Qxb7 28. Nxb7 cxb4
29. cxb4 Bxb4 30. Bxb5 a5 31. Bb6 ({White should try} 31. Bf4 $16 Neg4 32. f3)
31... Ne4 $1 $11 {[%cal Re4c3] [#] And now ...Nc3 would win.The position is
equal.} 32. a4 ({But not} 32. Bxa5 $2 Bxa5 33. Nxa5 Nc3 $19) ({Wrong is} 32.
Nxa5 $2 Nc3 $19) 32... Nc3 33. Ra1 Nxb5 34. axb5 {Strongly threatening Bc7.}
Rb8 35. Bxa5 Bxa5 36. Nxa5 Rxb5 {KRN-KRN} 37. Ra2 g6 38. Kg2 Kg7 39. Ra4 Rb2
40. Nc4 Nxc4 41. Rxc4 {Weighted Error Value: White=0.07/Black=0.04} 1/2-1/2

[Event "FTX Crypto Cup Prelims 2021"]
[Site "Chess24"]
[Date "2021.05.18"]
[Round "7.5"]
[White "Pichot, Alan"]
[Black "Firouzja, Alireza"]
[Result "1-0"]
[WhiteElo "2533"]
[BlackElo "2703"]
[Annotator "TA"]
[PlyCount "111"]
[EventDate "2021.05.23"]
[EventType "tourn"]
[EventCountry "NET"]
[Tiebreak "Koya+Number of black wins+Number of wins"]
[SourceTitle "playchess.com"]
[Source "ChessBase"]
[SourceQuality "1"]

{[%evp 9,111,6,2,4,20,10,11,3,0,0,60,-11,-6,-11,7,-69,0,0,0,-3,0,-17,0,0,0,0,
46,16,11,-37,-21,-22,9,-16,-16,0,-11,-20,-15,-16,-27,-34,86,-57,-64,-62,0,-129,
352,347,652,581,598,605,583,620,562,590,951,937,931,890,916,647,590,577,599,
675,599,662,584,588,580,562,511,304,298,296,385,206,204,212,360,161,243,199,
511,502,1004,763,1018,974,1184,1097,29967,29968,29967,29967,29979,29980,29982,
29983,29984,29984]} 1. e4 c6 2. Nf3 d5 3. d3 Bg4 (3... g6 4. Qe2 Bg7 5. g3 Bg4
6. Bg2 e6 7. O-O Ne7 8. h3 Bxf3 9. Bxf3 O-O 10. Bg2 a5 11. Kh2 a4 12. a3 Re8
13. f4 c5 14. c3 Nbc6 15. Be3 Qb6 {0-1 (39) Pichot,A (2630)-Firouzja,A (2759)
chess24.com INT 2021}) 4. h3 Bh5 5. Qe2 e6 6. g4 {B10: Caro-Kann: 2 d3 and 2
c4.} Bg6 7. h4 {And now h5 would win.} h5 8. Ne5 {The position is equal.} Bh7
9. g5 {[#]} Bd6 $146 {[#]} (9... Nd7 $11 10. Nxd7 Qxd7) ({Predecessor:} 9...
Nd7 10. Nxf7 Kxf7 11. Qxh5+ g6 12. Qg4 Bd6 13. Bh3 Nf8 14. f4 Ne7 15. b3 Bb4+ {
0-1 (36) Sorensen,J (2369)-Mchedlishvili,M (2570) Tornelo INT 2021}) 10. Nxf7
Kxf7 $11 11. Qxh5+ Kf8 (11... g6 {feels hotter.} 12. Qf3+ Ke8 13. Bh3 Ne7 14.
Bxe6 Rf8) 12. Qg4 (12. Rh3 $11 g6 13. Qg4) 12... Bg6 (12... Nd7 $1 $15 13. Bg2
dxe4 14. dxe4 Ne5) 13. h5 Bf7 14. Nc3 Nd7 15. f4 Ne7 16. Bd2 Qb6 17. O-O-O Ke8
18. g6 {[%mdl 1024] White has compensation.} Bg8 19. Qg5 d4 20. Ne2 Rh6 21. e5
Bb4 22. Bxb4 Qxb4 23. a3 Qb6 24. Ng3 Nc5 {Threatens to win with ...Na4.} 25.
Ne4 Na4 (25... Kd7 $15 {keeps the upper hand.}) 26. Nd6+ (26. b3 $1 $16 {
Strongly threatening Nf6+!} Nc5 27. Nf6+ $1 Kf8 28. b4) 26... Kd7 $15 27. Nc4
Qc5 (27... Qc7 $15) 28. Bh3 (28. b4 $1 $11 {was the only way to keep the
balance.} Qb5 29. Bh3) 28... b5 $2 {[%mdl 8192] [#] Loses the game.} (28... Nd5
$17 {White must now prevent ...Nxb2!} 29. b4 Qe7) 29. b4 $18 Qd5 {[#]} (29...
Rxh5 30. Qxh5 (30. bxc5 Rxg5 31. fxg5 bxc4 $17) 30... Qd5) 30. Bg2 $1 bxc4 31.
Bxd5 cxd5 32. dxc4 Nc3 33. Rd3 Rf8 {[#]} 34. Rxc3 $1 dxc3 35. Qg1 Nc8 36. cxd5
exd5 37. Rh3 Rxf4 38. Rxc3 Rxh5 {Black wants to play ...Nb6.} 39. Qc5 Rc4 40.
Rxc4 Rh1+ 41. Kb2 dxc4 42. Qb5+ Kd8 43. Qb7 Rh3 44. c3 (44. a4 $142) 44... Be6
45. Qxg7 Ne7 {[#]} (45... Rh2+ $142 46. Kb1 Rh1+ 47. Kc2 Rh2+ 48. Kd1 Rh1+ 49.
Kd2 Rh2+ 50. Kd1 Rh1+ 51. Ke2 Rh5) 46. Qf6 (46. Qf8+ $142 $1 Kd7 47. Qb8 Rh2+
48. Kc1 Rh1+ 49. Kd2 Rh2+ 50. Kd1 Rh1+ 51. Kd2 Rh2+ 52. Ke1 Rh1+ 53. Kd2) 46...
Kd7 (46... Rh2+ $142 47. Kc1 Kd7) 47. Qf2 Nc8 (47... Nxg6 {is tougher.} 48.
Qxa7+ Ke8) 48. g7 Nb6 (48... Rd3 $142 49. Qg1 Bg8 50. e6+ {[%mdl 64] Promotion}
Bxe6) 49. Qg2 Rd3 50. g8=Q {[%cal Rg2b7]} Na4+ 51. Kb1 {[%cal Rg2b7]} Nxc3+ 52.
Kc2 {[%cal Rg2b7] White mates.} Bxg8 53. Qxg8 Nd5 54. Qg4+ {[%mdl 64] Double
Attack} Kd8 55. Qxc4 Rd1 56. Qh4+ {Weighted Error Value: White=0.37/Black=0.69}
1-0

[Event "FTX Crypto Cup Prelims 2021"]
[Site "Chess24"]
[Date "2021.05.18"]
[Round "7.6"]
[White "Giri, Anish"]
[Black "Nakamura, Hikaru"]
[Result "1/2-1/2"]
[WhiteElo "2731"]
[BlackElo "2829"]
[Annotator "TA"]
[PlyCount "64"]
[EventDate "2021.05.23"]
[EventType "tourn"]
[EventCountry "NET"]
[Tiebreak "Koya+Number of black wins+Number of wins"]
[SourceTitle "playchess.com"]
[Source "ChessBase"]
[SourceQuality "1"]

{[%evp 12,64,29,34,29,26,65,41,52,46,47,23,18,14,21,19,8,19,40,39,39,41,50,30,
50,32,25,23,34,21,39,29,49,33,41,7,29,10,22,2,2,0,2,0,22,5,31,0,0,0,37,0,0,0,
38]} 1. e4 e5 2. Nf3 Nc6 3. d4 exd4 4. Nxd4 Bb4+ 5. c3 Bc5 6. Be3 Bb6 7. Nf5
Bxe3 {C45: Scotch Game.} 8. Nxe3 ({But not} 8. fxe3 g6 $15) 8... Nge7 9. c4 d6
{White is slightly better.} 10. Nc3 O-O 11. Be2 f5 12. exf5 Nxf5 13. Nxf5 Bxf5
14. O-O {[#]} Be6 $146 ({Predecessor:} 14... Qd7 15. Bf3 Kh8 16. b3 Rae8 17.
Re1 Rxe1+ 18. Qxe1 Ne5 19. Bd5 Nd3 20. Qe3 b6 {0-1 (65) Nepomniachtchi,I (2714)
-Kramnik,V (2760) Sochi 2014}) 15. Qd2 Qf6 16. Rad1 Qf4 17. Nd5 Bxd5 18. cxd5
Ne5 19. Qxf4 Rxf4 20. Rc1 Re4 21. Rc2 Re8 22. f3 Rb4 23. b3 Nd7 24. Bc4 Ne5 25.
a3 Rb6 26. b4 Nxc4 27. Rxc4 $11 {[%mdl 4096] Endgame KRR-KRR} Ra6 (27... c5 $5)
28. Rc3 Re2 29. Rf2 Re1+ 30. Rf1 Re2 31. Rf2 Re1+ 32. Rf1 Re2 {Weighted Error
Value: White=0.12/Black=0.10} 1/2-1/2

[Event "FTX Crypto Cup Prelims 2021"]
[Site "Chess24"]
[Date "2021.05.18"]
[Round "7.7"]
[White "Ding, Liren"]
[Black "Carlsen, Magnus"]
[Result "1/2-1/2"]
[WhiteElo "2836"]
[BlackElo "2881"]
[Annotator "TA"]
[PlyCount "110"]
[EventDate "2021.05.23"]
[EventType "tourn"]
[EventCountry "NET"]
[Tiebreak "Koya+Number of black wins+Number of wins"]
[SourceTitle "playchess.com"]
[Source "ChessBase"]
[SourceQuality "1"]

{[%evp 9,110,26,23,24,24,22,25,23,27,8,41,46,47,51,72,41,42,34,37,31,46,46,46,
41,46,42,45,43,46,47,43,42,47,47,48,47,47,41,41,35,41,28,31,27,35,35,39,39,38,
33,44,34,44,27,28,2,5,0,0,0,14,5,8,14,19,0,0,0,0,0,14,0,0,0,0,0,0,0,0,0,0,0,0,
0,0,0,0,0,0,0,0,0,0,0,0,0,0,0,0,0,0,0,0]} 1. d4 d5 2. c4 e6 3. Nc3 a6 4. cxd5
exd5 5. Nf3 h6 6. Bf4 {D31: Queen's Gambit Declined: Semi-Slav without ...Nf6 
(+ Marshall Gambit and Noteboom) and Exchange Variation lines without ...Nf6.}
Nf6 7. e3 Bd6 8. Be5 {White has an edge.} c6 9. Bd3 {[#]} Be7 $146 ({
Predecessor:} 9... O-O 10. h3 Bxe5 11. Nxe5 Nbd7 12. f4 c5 13. Qf3 cxd4 14.
exd4 b5 15. O-O Bb7 {1/2-1/2 (30) Liu,Y (2524)-Gukesh,D (2535) Shanghai 2019})
10. h3 Be6 11. O-O Nbd7 12. Bh2 O-O 13. Rc1 Rc8 14. Bb1 c5 15. dxc5 Nxc5 16.
Nd4 Bd6 17. Bxd6 Qxd6 18. Qf3 Qe5 19. Rfd1 Nce4 20. Nce2 Rxc1 21. Rxc1 Rc8 22.
Rxc8+ Bxc8 23. Qf4 Qxf4 24. Nxf4 Nd6 25. Bd3 Kf8 26. b3 Ke7 27. f3 Nde8 28. Kf2
Nc7 29. g4 Bd7 30. h4 Nfe8 31. h5 Nd6 32. a4 a5 {The position is equal.} 33.
Ke2 Kf6 34. Kd2 Ke5 35. Bc2 Ne6 36. Nd3+ Kf6 37. Nf4 Nxd4 38. exd4 $11 {
[%mdl 4096] Endgame KBN-KBN} Be6 39. Ke3 Nc8 40. Bd3 Ne7 41. Bb5 Bc8 42. Be8 g5
43. Nd3 Kg7 44. Bb5 f6 45. Kf2 b6 46. Kg3 f5 47. Ne5 fxg4 48. fxg4 Kf6 49. Kf3
Ke6 50. Kg3 Ng8 51. Bd3 {[#] aiming for Bf5+.} Ke7 52. Nc6+ Kd6 53. Ne5 Ke7 54.
Nc6+ Kd6 55. Ne5 Ke7 {Weighted Error Value: White=0.03/Black=0.03} 1/2-1/2

[Event "FTX Crypto Cup Prelims 2021"]
[Site "Chess24"]
[Date "2021.05.18"]
[Round "7.8"]
[White "Grischuk, Alexander"]
[Black "Dubov, Daniil"]
[Result "1/2-1/2"]
[WhiteElo "2784"]
[BlackElo "2770"]
[Annotator "TA"]
[PlyCount "88"]
[EventDate "2021.05.23"]
[EventType "tourn"]
[EventCountry "NET"]
[Tiebreak "Koya+Number of black wins+Number of wins"]
[SourceTitle "playchess.com"]
[Source "ChessBase"]
[SourceQuality "1"]

{[%evp 25,88,47,55,37,59,0,0,0,0,0,0,-7,-20,-25,-27,0,0,-47,-22,-16,0,-47,-61,
-58,-54,-62,-8,-8,-12,-3,-7,-7,-7,-13,0,-7,0,0,0,0,0,0,0,0,0,0,0,0,0,0,0,0,0,0,
0,0,0,0,0,0,0,0,0,0,0]} 1. e4 c5 2. Nf3 d6 3. Bb5+ Bd7 4. Bxd7+ Nxd7 5. O-O
Ngf6 6. Qe2 e6 7. d4 cxd4 8. Nxd4 Rc8 9. c4 Qc7 10. b3 Be7 11. Nc3 O-O 12. Bb2
Rfe8 13. Rad1 a6 14. f4 {B52: Sicilian: Moscow Variation with 3...Bd7.} Bf8 15.
Nf3 {[#]} (15. g4 $14 h6 16. g5 hxg5 17. fxg5) 15... e5 $146 ({Predecessor:} 
15... g6 16. Kh1 Rcd8 17. e5 Nh5 18. Ng5 h6 19. Nxf7 Kxf7 20. f5 exf5 21. Nd5
Qc6 22. Rxf5+ {1-0 (31) Fette,M (2360)-Sherzer,A (2440) Budapest 1990}) 16.
fxe5 dxe5 17. Kh1 Qc6 18. Nd5 b5 19. Nd2 Nxd5 20. exd5 Qg6 21. Ba1 e4 22. Rf4
e3 23. Nf1 bxc4 24. bxc4 Ne5 $1 25. h3 {[#]} Bd6 (25... Rxc4 $1 $15 26. Rxc4
Nxc4 27. Qxc4 e2 {[%mdl 64] Double Attack}) 26. Nxe3 {The position is equal.}
Qg3 27. Qf2 Qxf2 28. Rxf2 Nxc4 29. Nf5 Bf8 30. d6 {[#] Threatens to win with
d7.} Nxd6 31. Nxd6 Bxd6 32. Rxd6 {And now Kh2 would win.} Rc1+ 33. Kh2 {
Strongly threatening Re2!} Rxa1 34. Rxa6 {[%mdl 4096] Endgame KRR-KRR} h5 35.
Ra7 f6 36. Rc2 Re5 37. Rc3 Rg5 38. Rg3 Rxg3 39. Kxg3 {KR-KR} Kh7 40. h4 Kg6 41.
Ra5 Kf7 42. Ra7+ Kg6 43. Ra5 Kf7 44. Ra7+ Kg6 {Weighted Error Value: White=0.
08/Black=0.06} 1/2-1/2

[Event "FTX Crypto Cup Prelims 2021"]
[Site "Chess24"]
[Date "2021.05.18"]
[Round "8.1"]
[White "Aronian, Levon"]
[Black "Dubov, Daniil"]
[Result "1/2-1/2"]
[WhiteElo "2778"]
[BlackElo "2770"]
[Annotator "TA"]
[PlyCount "81"]
[EventDate "2021.05.23"]
[EventType "tourn"]
[EventCountry "NET"]
[Tiebreak "Koya+Number of black wins+Number of wins"]
[SourceTitle "playchess.com"]
[Source "ChessBase"]
[SourceQuality "1"]

{[%evp 14,81,32,25,22,41,31,25,22,0,13,2,0,22,23,-15,0,0,0,0,0,-1,0,0,17,0,0,0,
32,19,31,0,0,0,0,0,4,0,0,0,0,0,2,2,4,2,6,0,16,16,16,14,29,0,0,0,0,0,0,0,0,0,0,
0,0,0,0,0,0,0]} 1. d4 Nf6 2. c4 g6 3. g3 c6 4. Bg2 d5 5. Nf3 Bg7 6. O-O O-O 7.
Qb3 {7.Ne5 is the modern continuation.} dxc4 8. Qxc4 b5 {D78: Fianchetto
Grünfeld: 6 0-0 c6.} 9. Qc2 Bf5 10. Qd1 c5 {White has an edge.} 11. Nc3 {
Nh4 is the strong threat.} Nc6 12. Nh4 Bd7 {[#]} 13. dxc5 $146 ({Predecessor:} 
13. Nxb5 Rb8 14. d5 Nxd5 15. Qxd5 Rxb5 16. Rd1 Nd4 17. e3 Bg4 18. Rxd4 Bxd4 19.
exd4 Qxd5 20. Bxd5 cxd4 {1/2-1/2 (28) Svane,R (2888)-Dubov,D (3053) Chess.com
INT 2020}) 13... b4 14. Ne4 Nxe4 15. Bxe4 Rc8 16. Nf3 Bh3 17. Re1 Qxd1 18. Rxd1
Rfd8 19. Rd3 (19. Bg5 {is interesting.} Bxb2 20. Rxd8+ Nxd8 21. Rb1 Bf6 22.
Rxb4 Rxc5 23. Be3) 19... Rxd3 20. Bxd3 Ne5 21. Nxe5 Bxe5 22. a3 b3 23. Bc4 Rxc5
24. Bxb3 Rc7 25. Bh6 Bxb2 26. Rd1 {[%cal Rd1d8] [#]} Rc8 27. a4 Bg7 28. Be3 a6
29. f3 h5 30. Kf2 Bf6 31. a5 Kg7 32. Bd5 Rc2 33. Rb1 Bf5 {[#] White must now
prevent ...Bd3.The position is equal.} 34. Rc1 Rxc1 35. Bxc1 $11 {[%mdl 4096]
Endgame KBB-KBB} Bc3 36. Bb7 Bxa5 37. Bxa6 Bc3 38. Bc4 Bd7 39. h4 Be5 40. Be3
Bc6 41. Bc5 {Weighted Error Value: White=0.06/Black=0.02} 1/2-1/2

[Event "FTX Crypto Cup Prelims 2021"]
[Site "Chess24"]
[Date "2021.05.18"]
[Round "8.2"]
[White "Carlsen, Magnus"]
[Black "Grischuk, Alexander"]
[Result "1-0"]
[WhiteElo "2881"]
[BlackElo "2784"]
[Annotator "TA"]
[PlyCount "49"]
[EventDate "2021.05.23"]
[EventType "tourn"]
[EventCountry "NET"]
[Tiebreak "Koya+Number of black wins+Number of wins"]
[SourceTitle "playchess.com"]
[Source "ChessBase"]
[SourceQuality "1"]

{[%evp 9,49,-10,-15,-5,0,0,0,0,7,0,108,115,116,125,141,125,123,82,112,116,188,
74,184,182,164,185,395,378,411,400,395,351,336,339,395,380,597,98,466,431,792,
758]} 1. b3 e5 2. Bb2 Nc6 3. c4 Nf6 4. Nf3 e4 5. Nd4 Bc5 6. Nf5 {[#] A01:
Nimzowitsch-Larsen Opening.} d5 $146 ({Predecessor:} 6... O-O 7. e3 d5 8. cxd5
Bxf5 9. dxc6 bxc6 10. Nc3 Re8 11. Be2 Bd6 12. Rc1 h5 13. Bxh5 Nxh5 14. Qxh5 {
1/2-1/2 (40) Artemiev,V (2709)-Firouzja,A (2759) Chess.com INT 2021}) 7. Nxg7+
Kf8 $1 {Threatens to win with ...d4.} 8. cxd5 {The position is equal.} Bd4 $1 {
[%cal Rd4b2] [#]} 9. Nc3 $1 Ne7 {[#]} ({Wrong is} 9... Kxg7 $2 10. dxc6 bxc6
11. e3 $18) (9... Nb4 $11 {remains equal.} 10. e3 Be5) (9... Nb4 10. e3) 10. e3
$1 $16 Bxc3 (10... Kxg7 11. exd4) 11. dxc3 Kxg7 12. c4 Ng6 13. g4 {[%mdl 1024]
Strongly threatening g5. White has strong compensation.} h6 14. h4 c5 (14...
Qe7 $16 {was worth a try.}) 15. Be2 (15. f4 $1 $18 {And now g5 would win.} Kg8
16. Be2) 15... Kg8 {[#]} (15... Qd6 $16) 16. Qc2 $1 $18 Rh7 {[#]} 17. O-O-O $1
Nxg4 $2 (17... a5 18. Rdg1 Ra6) 18. h5 Nf8 19. Qxe4 f5 20. Qc2 Nxf2 21. Rhg1+
Kf7 22. Rdf1 Qh4 (22... Qe7 $142 23. e4 Nh3) 23. Be5 $2 (23. Rg2 $18 {is more
deadly.} Nh1 24. Bd3) 23... Qe4 $2 {[%mdl 8192]} 24. Qc3 Nh3 (24... Qh4 $142
25. Qa1 Nd7) 25. Rg4 {Weighted Error Value: White=0.46/Black=0.77} 1-0